000 00339pam a2200157a 44500
008 230515b2016 xxu||||| |||| 00| 0 eng d
020 _aNULL
041 _aENGLISH
082 _a617.5220
100 _aUMARJI H R
245 _aCONCISE ORAL MEDICINE
250 _a1
260 _a
_bC B S PUB
_c2016
300 _a286
650 _aNULL
999 _c564733
_d564733